Leaders of the United Kingdom Since 1900 - Statistics

General Stats
  • This quiz has been taken 71 times
  • The average score is 24 of 34
Answer Stats
Answer % Correct
Winston Churchill
97%
Boris Johnson
95%
Keir Starmer
95%
Margaret Thatcher
95%
Tony Blair
94%
Liz Truss
92%
Rishi Sunak
92%
Theresa May
92%
David Cameron
90%
David Lloyd George
90%
Elizabeth II
90%
Charles III
89%
George V
89%
George VI
89%
Queen Victoria
86%
Edward VII
84%
Edward VIII
84%
Gordon Brown
83%
John Major
76%
Neville Chamberlain
76%
Clement Attlee
75%
Harold Wilson
63%
Anthony Eden
62%
Edward Heath
56%
Harold Macmillan
52%
James Callaghan
49%
Herbert Henry Asquith
48%
Stanley Baldwin
46%
Ramsay MacDonald
44%
Alec Douglas-Home
38%
Arthur Balfour
35%
Andrew Bonar Law
32%
Lord Salisbury
32%
Henry Campbell-Bannerman
30%
No matching quizzes found
Score Distribution
Percent of People with Each Score
Percentile by Number Answered
Your Score History
You have not taken this quiz